| 000 | 00659nam a2200217 i 4500 | ||
|---|---|---|---|
| 001 | 48819 | ||
| 003 | ES-MaACL | ||
| 005 | 20250809063456.0 | ||
| 007 | t| | ||
| 008 | 950906s1844 gw ||||1| eng d | ||
| 040 |
_aCAM _bspa _cCAM |
||
| 080 | _a821.111-31"18" | ||
| 100 | 1 |
_aDisraeli, Benjamin, _d1804-1881 _944878 |
|
| 245 | 1 | 0 |
_aConingsby, or the new generation / _cby B. Disraeli. |
| 260 |
_aLeipzig : _bBernhard Tauchnitz, _c1844. |
||
| 300 |
_aVI, 442 p. ; _c16 cm. |
||
| 490 | 1 |
_aCollection of British authors ; _v67 |
|
| 830 | 0 |
_aCollection of British authors ; _v67 _9180703 |
|
| 852 |
_aES-MaACL _jG-12419 |
||
| 999 |
_c48819 _d48819 |
||